| 000 | 00703nam a22001817a 4500 | ||
|---|---|---|---|
| 005 | 2012042809199.0 | ||
| 020 |
_c250.00 _a8171198015 |
||
| 035 | _aB-117176 | ||
| 037 |
_b _adpl |
||
| 082 | _a420 | ||
| 100 |
_aकलानाथ _945991 |
||
| 245 | 1 |
_aमानक हिन्दी का स्वरूप / _cकलानाथ |
|
| 260 |
_aदिल्ली _bराधाकृष्ण प्रकाशन _c2002 |
||
| 270 |
_a _b _e _k |
||
| 300 |
_a203पृ. _c22सेमी (सजिल्द) |
||
| 942 |
_adpl _cHN _k _2ddc _h420 _mकलाना |
||
| 999 |
_c65763 _d65763 |
||